Val de Loire Roman
Enregistré dans:
| Auteur principal: | |
|---|---|
| Format: | Livre |
| Langue: | français |
| Publié: |
París
Zodiaque
1965
|
| Édition: | 2a. ed |
| Collection: | La nuit des temps, 3
|
| Sujets: | |
| Tags: |
Ajouter un tag
Pas de tags, Soyez le premier à ajouter un tag!
|
MARC
| LEADER | 00000nam a2200000 a 4500 | ||
|---|---|---|---|
| 001 | UCV7949 | ||
| 003 | CL-VaPUC | ||
| 008 | 900314e19650000FR |||||||||||||||||fre|d | ||
| 082 | 0 | 4 | |a 709.021 |b DEF |2 21 |
| 100 | 0 | |a Defarges, Bénigne |e author |9 302049 | |
| 245 | 1 | 0 | |a Val de Loire Roman |
| 250 | |a 2a. ed | ||
| 300 | |a 414 p | ||
| 942 | |c BK | ||
| 945 | |d 19900314 00:00:00 | ||
| 260 | |a París |b Zodiaque |c 1965 | ||
| 650 | 0 | |a Arte románico |v Obras ilustradas |9 265833 | |
| 583 | |a last modification |c 19900314 00:00:00 |k Rodrigo Vera | ||
| 490 | 0 | |a La nuit des temps, 3 | |
| 999 | |c 213549 |d 213547 | ||
| 952 | |0 0 |1 0 |4 0 |6 709_021000000000000_DEF_1965 |7 0 |8 P |9 196034 |a BIBARQ |b BIBARQ |d 2019-11-14 |i 2639858 |o 709.021 DEF 1965 |p 2639858 |r 2025-01-20 |w 2019-11-14 |y BK |k ARQ | ||